| 000 | 00497nam a2200193Ia 4500 | ||
|---|---|---|---|
| 008 | 170918s9999 xx 000 0 und d | ||
| 020 | _a9780545320771 | ||
| 050 | _bV484 2006 | ||
| 100 | _aVerdick, Elizabeth | ||
| 245 | _aGerms are not for sharing / | ||
| 245 | _cElizabeth Verdick ; illustrated by Marieka Heinlen. | ||
| 260 | _aNew York : | ||
| 260 | _bScholastic, | ||
| 260 | _c2006 | ||
| 300 | _a34 pages : | ||
| 300 | _bcolored illustration ; | ||
| 300 | _c20cm. | ||
| 500 | _a490 | ||
| 999 |
_c342451 _d342451 |
||